First half of the Alphabet Sudden Death - Statistics

General Stats
  • This quiz has been taken 24 times
  • The average score is 8 of 9
Answers on the Grid
Answers color-coded by a green-red scale on the quiz's grid according to % correct below.
A
D
J
P
Q
R
X
S
L
K
V
B
Y
U
W
I
E
F
 
Answer Stats
Answer % Correct
A
100%
D
100%
J
94%
B
81%
E
81%
F
81%
I
81%
L
81%
K
69%
No matching quizzes found
Score Distribution
Percent of People with Each Score
Percentile by Number Answered
Your Score History
You have not taken this quiz